000 00748nam a2200229Ia 4500
003 GCL
008 140319s9999 xx 000 0 ara d
020 _a1484270977
040 _aGCL /
_cGCL
082 0 4 _a839.7
_bل م
100 1 _aشوقى جلال
245 1 0 _aمغامرات نلز العجيب :
_bNILS HOLGERSSONS ADVENTURES /
_cشوقى جلال
700 1 _aمحمد حجى
700 1 _aلاجرلوف، سلمى
250 _aالاولى
260 _aالقاهرة :
_bالدار المصرية اللبنانية ،
_c1999
300 _a311 ص ؛
_c22 ص
490 _aرويات جائزة نوبل
_v14
650 0 4 _aالادب السويدى المترجم
650 0 4 _aالقصص السويدية
942 _2ddc
_cBK
999 _c8003
_d8003